Muğla tarihi (Record no. 3684)

MARC details
000 -BAŞLIK
Sabit Uzunlukta Kontrol Alanı 00698na a2200265 4500
001 - KONTROL NUMARASI
Denetim Alanı 16482
003 - KONTROL NUMARASI IDENTIFIER
Denetim Alanı MIRAKIL
005 - SON İŞLEM TARİHİ VE ZAMANI
Denetim Alanı 20181213154939.0
008 - SABİT-BOY VERİ ELEMANLARI - GENEL BİLGİLER
Sabit Uzunlukta Kontrol Alanı 161011b tu 000 0
020 ## - ULUSLARARASI STANDART KİTAP NUMARASI
Uluslararası Standart Kitap Numarası 9789944557436
040 ## - KATALOGLAMA KAYNAK
Orijinal Kataloglama Ajansı Milas
Kataloglama Dili tur
Metne Dönüştürmek Ajansı TR-AnCHP
041 ## - DİL KODU
Metin / Ses Parça Veya Ayrı Başlığın Dil Kodu tur
082 ## - DEWEY ONLU SINIFLANDIRMA NUMARASI
Sınıflandırma Numarası 956.214
Ürün Numarası E66m 2011
090 ## - SINIFLAMA NUMARASI
Sınıflama Numarası 956.214 E66m 2011
100 ## - ANA GİRİŞ - KİŞİSEL İSİM
Kişisel Ad Eroğlu, Zekai
245 ## - BAŞLIK TABLOSU
Başlık Muğla tarihi
Sorumluluk Tablosu, Vb Zekai Eroğlu
250 ## - EDITION TABLOSU
Baskı Beyanı 3. bs.
260 ## - YAYIN, DAĞITIM, VB
Yayın, Dağıtım, Vb Yeri Muğla
Yayıncı, Dağıtıcı, Vs Adı Muğla Belediyesi Kültür yayınları
Yayın, Dağıtım, Vb Tarihi 2011
300 ## - FİZİKSEL TANIM
Kapsam 334 s.
Diğer Fiziksel Ayrıntıları fotg.
Boyutlar 29 sm.
440 ## - SERİSİ TABLOSU / KATMA GİRİŞİ - BAŞLIK
Başlık Muğla Belediyesi Yayınları
Hacim / Ardışık Tanımı 7
490 ## - SERİSİ TABLOSU
Seri Beyanı Tarih Dizisi
Hacim / Ardışık Tanımı 3
504 ## - KAYNAKÇA VB NOT
Kaynakça Vb Notu Dizin var.
651 ## - KONU KATMA GİRİŞ - COĞRAFİ ADI
Coğrafi İsim Muğla
Genel Alt Bölümü Tarih
942 ## - EKLENDİ GİRİŞ ELEMANLARI (KOHA)
Sınıflandırma Veya Raf Düzeni Kaynak Dewey Decimal Classification
Koha Öğesi Türü Books
999 ## - SİSTEM KONTROL NUMARALARI (KOHA)
Koha Biblionumber 3684
Koha Biblioitemnumber 3684
Holdings
Kalıcı Konum Mevcut Konum Edinme Tarihi Edinim Kaynak Toplam Check-Out'Lar Tam Çağrı Numarası Barkod Tarih Son Görülme İtibaren Geçerli Fiyatlar Koha Öğesi Türü
CHP Kütüphanesi CHP Kütüphanesi 10/07/2016 Bağış   956.214 E66m 2011 006504 10/07/2016 10/07/2016 Books